000 00544nam a2200193Ia 4500
999 _c65330
_d65330
003 GCL
005 20240530110819.0
008 140319s9999 xx 000 0 ara d
040 _aGCL /
_cGCL
082 0 4 _a759
_bج م
100 0 _aجمال قطب
245 1 0 _aملهمات المشاهير /
_cجمال قطب
260 _aالقاهرة :
_bدار مصر للطباعة ،
300 _a179 ص. ؛
_c24 سم.
650 0 4 _aالفن
650 0 4 _aالفن والتاريخ
650 0 4 _aالمرأة فى الفن
942 _2ddc
_cBK